000 00649nam a22002057a 4500
005 20140904100325.0
008 140904|2003 xxu||||| |||| 00| 0 ck spa d
020 _a0870714996
041 _aeng
044 _axxu
082 _a588
_bK49g
100 _aKimmerer, Robin Wall.
_926393
245 _aGathering moss :
_bA natural and cultural history of mosses
_cRobin Wall, Kimmerer
260 _aCorvallis, OR
_bOregon State University Press
_c2003
300 _a168 p.
_bIl.
_c23 cm.
504 _aIncluye referencias bibliográficas (pag 163-165)
650 _aMusgos
_926394
650 _aMusgos
_xEcología
_926395
942 _2ddc
_cLIBRO
999 _c8667
_d8667